Statistiken für Was gehört zu welchen Land 4: Romanische Länder

Klicken Sie hier um das Quiz zu spielen!

Allgemein

  • Dieses Quiz wurde 98 mal gespielt
  • Das Durchschnittsergebnis liegt bei 94 aus 100

Antwortstatistiken

FrageKachelSelect% Korrekt
Italien?BukarestNein
100%
Italien?Pyramide des KukulcánNein
100%
Italien?Rio de JaneiroNein
100%
Italien?TacosNein
100%
Italien?TapasNein
100%
Italien?VampireNein
100%
Italien?BordeauxNein
99%
Italien?StierkämpfeNein
99%
Italien?TranssilvanienNein
99%
Latein Amerika?BallettNein
98%
Rumänien?BordeauxNein
98%
Latein Amerika?BordeauxNein
98%
Latein Amerika?BukarestNein
98%
Frankreich?BukarestNein
98%
Italien?IașiNein
98%
Rumänien?Leonardo Da VinciNein
98%
Rumänien?MacaronsNein
98%
Rumänien?RavioliNein
98%
Frankreich?Rio de JaneiroNein
98%
Rumänien?Rio de JaneiroNein
98%
Frankreich?Sagrada FamíliaNein
98%
Frankreich?StierkämpfeNein
98%
Rumänien?StierkämpfeNein
98%
Frankreich?TacosNein
98%
Rumänien?TangoNein
98%
Frankreich?TapasNein
98%
Rumänien?TapasNein
98%
Latein Amerika?TriumphbogenNein
98%
Rumänien?TurinNein
98%
Latein Amerika?TurinNein
98%
Italien?TurinJa
98%
Frankreich?TurinNein
98%
Frankreich?ValenciaNein
98%
Rumänien?ValenciaNein
98%
Italien?VenedigJa
98%
Rumänien?VenedigNein
98%
Frankreich?VenedigNein
98%
Latein Amerika?VenedigNein
98%
Spanien?BallettNein
97%
Italien?BallettNein
97%
Spanien?BordeauxNein
97%
Frankreich?BordeauxJa
97%
Spanien?BukarestNein
97%
Spanien?Leonardo Da VinciNein
97%
Latein Amerika?Leonardo Da VinciNein
97%
Italien?MacaronsNein
97%
Frankreich?RavioliNein
97%
Latein Amerika?RavioliNein
97%
Spanien?Rio de JaneiroNein
97%
Rumänien?Sagrada FamíliaNein
97%
Rumänien?TacosNein
97%
Italien?TangoNein
97%
Frankreich?TranssilvanienNein
97%
Spanien?TriumphbogenNein
97%
Spanien?VenedigNein
97%
Spanien?RavioliNein
96%
Latein Amerika?StierkämpfeNein
96%
Rumänien?TriumphbogenNein
96%
Spanien?TurinNein
96%
Latein Amerika?ValenciaNein
96%
Latein Amerika?VampireNein
96%
Spanien?IașiNein
94%
Frankreich?IașiNein
94%
Italien?RavioliJa
94%
Frankreich?TangoNein
94%
Latein Amerika?TranssilvanienNein
94%
Spanien?TranssilvanienNein
94%
Spanien?VampireNein
94%
Frankreich?VampireNein
94%
Rumänien?BallettNein
93%
Frankreich?Leonardo Da VinciNein
93%
Italien?Leonardo Da VinciJa
93%
Rumänien?BukarestJa
92%
Spanien?MacaronsNein
92%
Frankreich?Pyramide des KukulcánNein
92%
Rumänien?Pyramide des KukulcánNein
92%
Italien?Sagrada FamíliaNein
92%
Spanien?StierkämpfeJa
92%
Rumänien?TranssilvanienJa
92%
Latein Amerika?MacaronsNein
91%
Spanien?Pyramide des KukulcánNein
91%
Latein Amerika?Sagrada FamíliaNein
91%
Latein Amerika?Rio de JaneiroJa
90%
Italien?TriumphbogenNein
90%
Italien?ValenciaNein
90%
Rumänien?VampireJa
90%
Spanien?ValenciaJa
89%
Latein Amerika?IașiNein
88%
Frankreich?TriumphbogenJa
87%
Latein Amerika?Pyramide des KukulcánJa
85%
Spanien?Sagrada FamíliaJa
82%
Spanien?TangoNein
80%
Latein Amerika?TapasNein
80%
Spanien?TapasJa
79%
Rumänien?IașiJa
78%
Latein Amerika?TangoJa
76%
Frankreich?MacaronsJa
75%
Spanien?TacosNein
73%
Latein Amerika?TacosJa
71%
Frankreich?BallettJa
67%

Verteilung der Resultate

Perzentil nach korrekt beantworteten Fragen

Anzahl Personen mit jedem Resultat

Ihre Resultats-Entwicklung

Sie haben dieses Quiz noch nicht gespielt